Holiday Quiz

Random Holiday or Puzzle Quiz

Clickable Sporcle Quiz Show: Holiday Stats

 Plays Quiz Updated Aug 29, 2017

Score 0/30 Timer 10:00
8 Plays Today
% Correct
Candy Corn
83.9%
Polar Express
82.5%
The Santa Clause
82.3%
Sydney,
Australia
78.5%
Japan
76.1%
Mexico
76.1%
Charleville,
France
74.7%
Thailand
72.9%
Santa Buddies
71%
Père Fouettard
70.6%
Elf
70.2%
Tootsie Roll
70%
Sitka,
Alaska
68.6%
London,
England
68.4%
M&Ms
67%
% Correct
Lesser Known Holidays
(Ugh, Gents)
66.9%
Fred Claus
66.2%
Dum Dums
64.9%
Scotland
64.9%
Southern
Switzerland
63.7%
Kit Kat
63.3%
Grýla
62.9%
April Foolishness
(Lilies)
61.7%
Jolly Fat Men
(Tim Allen's Hat)
61.4%
Naughty List
(In the Gryla clue)
59.4%
Trick-or-Treat Trivia
(Peeps)
59.2%
Krampus
58.7%
Mari Lwyd
58.4%
South Korea
57.3%
Belsnickel
51.8%

You're not logged in!

Compare scores with friends on all Sporcle quizzes.
Join for Free
OR
Log In

You Might Also Like...

Show Comments

Extras

Top Quizzes Today


Score Distribution

Your Account Isn't Verified!

In order to create a playlist on Sporcle, you need to verify the email address you used during registration. Go to your Sporcle Settings to finish the process.

Report this User

Report this user for behavior that violates our Community Guidelines.

Details: